|
|
|
|
| LEADER |
00570nam a2200145Ia 4500 |
| 001 |
128849 |
| 008 |
170722s9999 xx 000 0 und d |
| 100 |
|
|
|a Vasudevan Nair, Mt
|
| 245 |
|
|
|a Daya. /
|
| 260 |
|
|
|b Olive pub
|a Calic;ut
|c 2000
|
| 300 |
|
|
|a pp 98
|
| 942 |
|
|
|c GEN
|
| 999 |
|
|
|c 15296
|d 15296
|
| 952 |
|
|
|0 0
|1 0
|4 0
|6 O_322NWN34D_POKRPO1
|7 0
|8 KR
|9 18134
|a LIB
|b LIB
|d 2017-08-12
|o O32,2(NW)N34,D PO(KR)-PO;1
|p 240115
|r 2017-08-12
|v 0.00
|w 2017-08-12
|y GEN
|
| 952 |
|
|
|0 1
|1 0
|4 0
|6 O_322NWN34D_POKRPO1
|7 0
|9 18135
|a LIB
|b LIB
|d 2017-08-12
|o O32,2(NW)N34,D PO(KR)-PO;1
|p 240116
|r 2017-08-12
|v 0.00
|w 2017-08-12
|y GEN
|